| 000 | 00416nam a22001697a 4500 | ||
|---|---|---|---|
| 003 | OSt | ||
| 005 | 20220117101524.0 | ||
| 008 | 220117b |||||||| |||| 00| 0 eng d | ||
| 020 | _a0471160032 | ||
| 040 | _cHU | ||
| 082 | _a620.002863 | ||
| 100 |
_aTsoukalas H. Lefteri _928142 |
||
| 245 | _aFuzzy And Neural Approaches In Engineering | ||
| 260 |
_aNew York _bNew York |
||
| 300 | _f587 | ||
| 942 |
_2ddc _cBOOKS _n0 |
||
| 999 |
_c27235 _d27235 |
||